Topology (Record no. 609744)
[ view plain ]
| 000 -LEADER | |
|---|---|
| fixed length control field | 00329nam a22001337a 4500 |
| 040 ## - CATALOGING SOURCE | |
| Transcribing agency | Nust |
| 082 ## - DEWEY DECIMAL CLASSIFICATION NUMBER | |
| Classification number | 514.20520 |
| Author Mark | MUN |
| 100 ## - MAIN ENTRY--PERSONAL NAME | |
| Personal name | MUNKRES, R James |
| 9 (RLIN) | 123612 |
| 245 ## - TITLE STATEMENT | |
| Title | Topology |
| 250 ## - EDITION STATEMENT | |
| Edition statement | 2nd Edition |
| 260 ## - PUBLICATION, DISTRIBUTION, ETC. | |
| Place of publication, distribution, etc. | Islamabad: |
| Name of publisher, distributor, etc. | National Book Foundation Islamabad, |
| Date of publication, distribution, etc. | 2007. |
| 650 ## - SUBJECT ADDED ENTRY--TOPICAL TERM | |
| Topical term or geographic name entry element | Topology |
| 9 (RLIN) | 8513 |
| 942 ## - ADDED ENTRY ELEMENTS (KOHA) | |
| Source of classification or shelving scheme | |
| Koha item type | Book |
| Withdrawn status | Lost status | Source of classification or shelving scheme | Damaged status | Not for loan | Permanent Location | Current Location | Shelving location | Date acquired | Full call number | Barcode | Date last seen | Price effective from | Koha item type | Total Checkouts |
|---|---|---|---|---|---|---|---|---|---|---|---|---|---|---|
| College of Electrical & Mechanical Engineering (CEME) | College of Electrical & Mechanical Engineering (CEME) | General Stacks | 06/13/2024 | 514.20520 MUN | CEME- 43690 | 06/13/2024 | 06/13/2024 | Book | ||||||
| College of Electrical & Mechanical Engineering (CEME) | College of Electrical & Mechanical Engineering (CEME) | General Stacks | 06/13/2024 | 514.20520 MUN | CEME- 43691 | 06/13/2024 | 06/13/2024 | Book | ||||||
| College of Electrical & Mechanical Engineering (CEME) | College of Electrical & Mechanical Engineering (CEME) | General Stacks | 06/13/2024 | 514.20520 MUN | CEME- 43692 | 06/13/2024 | 06/13/2024 | Book |
